3D Television (3DTV) Technology, Systems, and Deployment : (Record no. 15197)
[ view plain ]
| 000 -LEADER | |
|---|---|
| fixed length control field | 01222cam a22002898a 4500 |
| 001 - CONTROL NUMBER | |
| control field | 16323921 |
| 005 - DATE AND TIME OF LATEST TRANSACTION | |
| control field | 20110412153659.0 |
| 008 - FIXED-LENGTH DATA ELEMENTS--GENERAL INFORMATION | |
| fixed length control field | 100709s2011 flu b 001 0 eng |
| 010 ## - LIBRARY OF CONGRESS CONTROL NUMBER | |
| LC control number | 2010026073 |
| 020 ## - INTERNATIONAL STANDARD BOOK NUMBER | |
| International Standard Book Number | 1439840660 (pbk. : alk. paper) |
| 020 ## - INTERNATIONAL STANDARD BOOK NUMBER | |
| International Standard Book Number | 9781439840665 (pbk. : alk. paper) |
| 040 ## - CATALOGING SOURCE | |
| Original cataloging agency | DLC |
| Transcribing agency | DLC |
| Modifying agency | DLC |
| 050 00 - LIBRARY OF CONGRESS CALL NUMBER | |
| Classification number | TK6658 |
| Item number | .M558 2011 |
| 082 00 - DEWEY DECIMAL CLASSIFICATION NUMBER | |
| Classification number | 621.388 |
| Edition number | 22 |
| Item number | MIN |
| 100 1# - MAIN ENTRY--PERSONAL NAME | |
| Personal name | Minoli, Daniel, |
| Dates associated with a name | 1952- |
| 9 (RLIN) | 23405 |
| 245 10 - TITLE STATEMENT | |
| Title | 3D Television (3DTV) Technology, Systems, and Deployment : |
| Remainder of title | Rolling out the Infrastructure for Next-Generation Entertainment / |
| Statement of responsibility, etc | Daniel Minoli. |
| 260 ## - PUBLICATION, DISTRIBUTION, ETC. (IMPRINT) | |
| Place of publication, distribution, etc | Boca Raton : |
| Name of publisher, distributor, etc | Taylor & Francis, 2011 |
| Date of publication, distribution, etc | 2011. |
| 263 ## - PROJECTED PUBLICATION DATE | |
| Projected publication date | 1111 |
| 300 ## - PHYSICAL DESCRIPTION | |
| Extent | xiv, 302 p., [24] p. of plates : |
| Other physical details | ill. ; |
| Dimensions | 22 cm. |
| 504 ## - BIBLIOGRAPHY, ETC. NOTE | |
| Bibliography, etc | Includes bibliographical references and index. |
| 650 #0 - SUBJECT ADDED ENTRY--TOPICAL TERM | |
| Topical term or geographic name as entry element | 3-D television. |
| 9 (RLIN) | 23406 |
| 650 #0 - SUBJECT ADDED ENTRY--TOPICAL TERM | |
| Topical term or geographic name as entry element | Home theaters. |
| 9 (RLIN) | 23407 |
| 653 ## - INDEX TERM--UNCONTROLLED | |
| Resource For college | |
| Arrived date list | April2011 |
| 942 ## - ADDED ENTRY ELEMENTS (KOHA) | |
| Source of classification or shelving scheme | Dewey Decimal Classification |
| Item type | Book - Borrowing |
| Withdrawn status | Item status | Source of classification or shelving scheme | Damaged status | Not for loan | Vendor | Home library | Current library | Shelving location | Date acquired | Source of acquisition | Cost, normal purchase price | Serial Enumeration / chronology | Total Checkouts | Full call number | Barcode | Date last seen | Koha item type |
|---|---|---|---|---|---|---|---|---|---|---|---|---|---|---|---|---|---|
| Dewey Decimal Classification | Baccah | Central Library | Central Library | First floor | 27/04/2011 | 468.00 | 12158 | 621.388 MIN | 000023418 | 15/07/2025 | Book - Borrowing |